Deleted Wikipedia Articles II Quiz Stats

 Plays Quiz Updated May 28, 2018

Score 0/25 Timer 05:00
0 Plays Today
% Correct
Longest
94.7%
Rhyme
94.4%
Eat
94.3%
Called
93%
Cry
92.2%
Month
91.9%
Championship
91.7%
Written
91.1%
Wikipedia
91%
Person
90.8%
Torture
90.3%
Bed
89.5%
Muhammad
89.5%
% Correct
Bands
88.4%
Historical
88%
Media
87%
Anchors
87%
☼☼☼☼☼☼☼☼
86.7%
God
85.4%
Air
84.3%
Building
83%
Barbara
81.4%
Canuckistani
81%
What
75.5%
Diplomatic
72.9%

You're not logged in!

Compare scores with friends on all Sporcle quizzes.
OR
Log In

Sporcle TV

Today on Sporcle TV


Watch our educational content, quiz creation guides, and fun videos on Sporcle TV.

Show Comments

Extras

Top Quizzes Today


Score Distribution

Your Account Isn't Verified!

In order to create a playlist on Sporcle, you need to verify the email address you used during registration. Go to your Sporcle Settings to finish the process.

Report this User

Report this user for behavior that violates our Community Guidelines.

Details: